[Event "POL-ch Blitz U18 Girls"]
[Site "Bydgoszcz"]
[Date "2023.08.31"]
[Round "2"]
[White "Kawa, Anna"]
[Black "Gajec, Roza"]
[Result "1-0"]
[WhiteElo "1575"]
[BlackElo "1340"]
[PlyCount "56"]
[EventDate "2023.08.28"]
[EventType "swiss"]
[EventRounds "9"]
[EventCountry "POL"]
[SourceTitle "EXT 2024"]
[Source "ChessBase"]
[SourceDate "2023.10.10"]
[SourceVersion "1"]
[SourceVersionDate "2023.10.10"]
[SourceQuality "1"]

1. e4 c5 2. Nf3 Nc6 3. Bb5 g6 4. c3 Bg7 5. d4 Qb6 6. Bxc6 bxc6 7. 0-0 cxd4 8. cxd4 Nf6 9. Nc3 0-0 10. Rb1 Ba6 11. Re1 d6 12. Be3 Qc7 13. e5 Nd5 14. Nxd5 cxd5 15. Rc1 Qd7 16. Qd2 Rfc8 17. Bh6 Bh8 18. Bf4 Rxc1 19. Rxc1 Bc4 20. b3 Ba6 21. Qa5 Bc8 22. exd6 exd6 23. Qc7 Qxc7 24. Rxc7 Be6 25. Bxd6 Bg4 26. Be5 Bxf3 27. Bxh8 Kxh8 28. gxf3 Rd8 1-0

[Event "POL-ch Rapid U18 Girls"]
[Site "Bydgoszcz"]
[Date "2023.08.29"]
[Round "6"]
[White "Kawa, Anna"]
[Black "Gajec, Roza"]
[Result "1-0"]
[WhiteElo "1725"]
[BlackElo "1409"]
[PlyCount "47"]
[EventDate "2023.08.28"]
[EventType "swiss"]
[EventRounds "11"]
[EventCountry "POL"]
[SourceTitle "EXT 2024"]
[Source "ChessBase"]
[SourceDate "2023.10.10"]
[SourceVersion "1"]
[SourceVersionDate "2023.10.10"]
[SourceQuality "1"]

1. e4 c5 2. Nf3 Nc6 3. Bb5 g6 4. c3 Bg7 5. d4 cxd4 6. cxd4 d5 7. exd5 Qxd5 8. Nc3 Qd8 9. 0-0 Bd7 10. Re1 a6 11. Ba4 b5 12. Bb3 Nf6 13. Ne5 0-0 14. Bg5 Na5 15. Qf3 Nxb3 16. axb3 a5 17. Bxf6 Bxf6 18. Nd5 Bxe5 19. Rxe5 Be6 20. Rae1 Qd6 21. Nxe7+ Qxe7 22. d5 Bxd5 23. Qxd5 Rfd8 24. Qxa8 1-0